Stores in the Mall #1 - Statistics

General Stats
  • This quiz has been taken 45,974 times
  • The average score is 16 of 24
Answer Stats
Store % Correct
Victoria's {Secret}
97%
Bed, Bath and {Beyond}
93%
Abercrombie & {Fitch}
90%
Barnes & {Noble}
89%
{Foot} Locker
89%
{Banana} Republic
88%
{Old} Navy
88%
{American} Eagle
87%
Bath & {Body} Works
85%
Pottery {Barn}
82%
Radio {Shack}
79%
Panda {Express}
70%
Game{Stop}
69%
Yankee {Candle}
65%
Auntie Anne's {Pretzels}
60%
J. {Crew}
52%
{Gym}boree
48%
{California} Pizza Kitchen
47%
{Crate} & Barrel
47%
{Cinna}bon
45%
{Tommy} Bahama's
40%
{Williams} Sonoma
40%
United {Colors} of Benetton
35%
L'Occitane en {Provence}
15%
No matching quizzes found
Score Distribution
Percent of People with Each Score
Percentile by Number Answered
Your Score History
You have not taken this quiz